Normal view MARC view

Entry Personal Name

Number of records used in: 1

001 - CONTROL NUMBER

  • control field: 1237615

003 - CONTROL NUMBER IDENTIFIER

  • control field: OSt

005 - DATE AND TIME OF LATEST TRANSACTION

  • control field: 20260430150455.0

008 - FIXED-LENGTH DATA ELEMENTS

  • fixed length control field: 260430|| aca||aabn | a|a d

040 ## - CATALOGING SOURCE

  • Original cataloging agency: OSt
  • Transcribing agency: OSt

100 ## - HEADING--PERSONAL NAME

  • Personal name: University of Delhi. Faculty of Social Sciences. Deptt.of History

670 ## - SOURCE DATA FOUND

  • Source citation: Work cat.: (OSt)1849863: Lalit Prasad Au.; Rai Santosh Kumar Gu. 1237614, Agrarian Labour Relations in Agra Division 1880-1950, 2022
Copyright @ Delhi University Library System